000 00370nam a2200169Ia 4500
003 0100
008 130303s9999 xx 000 0 und d
040 _cARRUPELIB
050 _aBT102.H51971
100 _aHick, John
245 _aArguments for the Existence of God
260 _aLondon
260 _bMacmillan PR
260 _C1971
300 _a150p
942 0 0 _05
999 _c32345
_d32345